Statistics for City to Country #2

Click here to take the quiz!

General Stats

  • This quiz has been taken 417 times
  • The average score is 13 of 15

Answer Stats

Hint Answer % Correct
WarsawPoland
99%
MilwaukeeUnited States
98%
NairobiKenya
97%
BrisbaneAustralia
97%
NiceFrance
97%
NagasakiJapan
95%
CancunMexico
94%
CologneGermany
94%
BelfastUnited Kingdom
93%
EdmontonCanada
92%
UlanbatarMongolia
89%
JeddahSaudi Arabia
75%
AlmatyKazakhstan
58%
Be'er ShevaIsrael
58%
ManausBrazil
57%

Score Distribution

Percentile by Number Answered

Percent of People with Each Score

Your Score History

You have not taken this quiz